000
00202 a2200097 4500
001
3335
100
_a
Bolitho, H
245
_a
Jinnah greator of Pakistan
260
_a
_b
Murray
_c
090
_c
2613
_d
2613
942
_a
NUST-CAE
_c
M
_c
17925
999
_c
238408
_d
238408